Normal view MARC view

Entry Personal Name

Number of records used in: 5

001 - CONTROL NUMBER

  • control field: 1238199

003 - CONTROL NUMBER IDENTIFIER

  • control field: OSt

005 - DATE AND TIME OF LATEST TRANSACTION

  • control field: 20260430150700.0

008 - FIXED-LENGTH DATA ELEMENTS

  • fixed length control field: 260430|| aca||aabn | a|a d

040 ## - CATALOGING SOURCE

  • Original cataloging agency: OSt
  • Transcribing agency: OSt

100 ## - HEADING--PERSONAL NAME

  • Personal name: University of Delhi. Faculty of Inter-Disciplinary&Applied Science. Deptt. of Electronic Science

670 ## - SOURCE DATA FOUND

  • Source citation: Work cat.: (OSt)1850376: Khurana Manisha Au.; Gupta Mridula Gu. 1238198, Modeling and Simulation of Photo Absorber Gated Field Effect Phototransistor Under Optical Illumination, 2024
Copyright @ Delhi University Library System